[Event "Passau op 7th"]
[Site "Passau"]
[Date "1999.04.03"]
[Round "3"]
[White "Kohl, Hans"]
[Black "Kaupp, Stefan"]
[Result "1-0"]
[WhiteElo "1862"]
[BlackElo "1600"]
[PlyCount "69"]
[EventDate "1999.04.02"]
[EventType "swiss"]
[EventRounds "7"]
[EventCountry "GER"]
[SourceTitle "EXT 2000"]
[Source "ChessBase"]
[SourceDate "1999.11.16"]
[SourceVersion "1"]
[SourceVersionDate "1999.11.16"]
[SourceQuality "1"]

1. e4 Nf6 2. Nc3 d5 3. e5 Ne4 4. d4 Nxc3 5. bxc3 e6 6. Bd3 c5 7. Nf3 c4 8. Be2 Be7 9. 0-0 Nd7 10. Ne1 f6 11. f4 f5 12. g4 0-0 13. gxf5 exf5 14. Kh1 Nb6 15. Nf3 h6 16. Rg1 Qe8 17. Qe1 Be6 18. Qg3 Qf7 19. Nh4 Bxh4 20. Qxh4 Kh8 21. Bd2 Rae8 22. Bh5 Qe7 23. Qh3 Rd8 24. Rg2 Rg8 25. Rag1 Rd7 26. Be1 Qf8 27. Bh4 Bf7 28. Bg6 Bxg6 29. Rxg6 Rf7 30. e6 Re7 31. Bxe7 Qxe7 32. Qxf5 Rf8 33. Qe5 Rf6 34. Rxg7 Qxe6 35. Qxe6 1-0

[Event "Passau op 7th"]
[Site "Passau"]
[Date "1999.04.02"]
[Round "2"]
[White "Maier, Ullrich"]
[Black "Kohl, Hans"]
[Result "1/2-1/2"]
[WhiteElo "1435"]
[BlackElo "1862"]
[PlyCount "123"]
[EventDate "1999.04.02"]
[EventType "swiss"]
[EventRounds "7"]
[EventCountry "GER"]
[SourceTitle "EXT 2000"]
[Source "ChessBase"]
[SourceDate "1999.11.16"]
[SourceVersion "1"]
[SourceVersionDate "1999.11.16"]
[SourceQuality "1"]

1. d4 Nf6 2. c4 g6 3. Nc3 Bg7 4. e4 d6 5. h3 0-0 6. Nf3 e5 7. d5 Nbd7 8. Bg5 h6 9. Be3 Ne8 10. Qd2 Kh7 11. Bd3 f5 12. exf5 gxf5 13. Bc2 e4 14. Nh2 Ne5 15. b3 Qf6 16. 0-0 Nxc4 17. bxc4 Qxc3 18. Qxc3 Bxc3 19. Rad1 Bd7 20. f3 Nf6 21. fxe4 Nxe4 22. Rf4 Rae8 23. Nf3 Ng5 24. Rd3 Be5 25. Nxe5 dxe5 26. Rf1 b6 27. Bc1 a5 28. h4 Ne4 29. Rdf3 Nd6 30. Rc3 e4 31. c5 Nb5 32. Rc4 Re5 33. Bxe4 bxc5 34. Bf3 Nd4 35. Bd1 Bb5 36. Rxc5 Bxf1 37. Rxc7+ Kg8 38. Kxf1 Rfe8 39. Bd2 Rxd5 40. Bxh6 Ne6 41. Rc1 Kh7 42. Be3 f4 43. Bc2+ Kh6 44. Bf2 Rc8 45. Rd1 Rxd1+ 46. Bxd1 Kg6 47. Bb3 Nc5 48. Bd5 Kf5 49. Bf3 Ne4 50. Bb6 a4 51. Ke2 Nc3+ 52. Kf2 Nxa2 53. g4+ fxg3+ 54. Kxg3 Rc3 55. Bd4 Rd3 56. Ba1 a3 57. h5 Nb4 58. h6 Kg6 59. Bg7 a2 60. Kg4 Rxf3 61. Kxf3 Nd5 62. Bd4 1/2-1/2